Trabajo autn̤omo y fomento del emprendimiento mitos y realidades

Detalles Bibliográficos
Formato: eBook
Lenguaje:español
Publicado: Albacete: Editorial Bomarzo, 2016
Materias:
Acceso en línea:Acceso restringido

MARC

LEADER 00000nam a22000007a 4500
005 20170902233855.0
007 cr|||| ||||
008 170902s2016 es |||||s|||| 00||0 spa d
020 |a 978-84-16608-50-8 
035 |a 20502 
040 |a vLex 
090 |c 6903  |d 6903 
245 0 0 |a Trabajo autn̤omo y fomento del emprendimiento  |h [Recurso electrn̤ico] :  |b mitos y realidades 
256 |a Servicio en ln̕ea 
260 |a Albacete:  |b Editorial Bomarzo,  |c 2016 
300 |a 1 recurso electrn̤ico 
506 1 |a Disponible solo en los productos indicados  |d vLex Global  |d vLex Global (Academic Edition, excluding Law Schools)  |d vLex Global (U.S. Academic Edition, Law Schools)  |d vLex Global (U.S. Academic Edition, excluding Law Schools)  |d vLex Global (Academic Edition, Law Schools) 
650 0 4 |a Derecho Laboral y Seguridad Social  |z Espaą 
650 0 4 |a Derecho Fiscal  |z Espaą 
740 0 |a vLex Libros (Servicio en ln̕ea) 
856 4 0 |u http://vlex.com/source/trabajo-autonomo-y-fomento-del-emprendimiento-mitos-y-realidades-20502  |z Acceso restringido 
942 |c BOOK 
999 0 |a Labor Law and Social Security 
999 0 |a Tax Law